Дело о поднесении их величествам королю датскому и королю шведскому дипломов на звание почетного члена Императорской Академии на...

Доступно только в Электронных читальных залах Найти на картеНа карте
RUSMARC
00003816nmc2a22002653x 450
0015b97e0f1-124c-4fb7-a880-bcdc5d31532a
00520251022210654.0
100##$a20250421l18451845k l0rusy0189 ca
1010#$arus
$afre
102##$aRU
105##$ay###
1222#$ad
2001#$aДело о поднесении их величествам королю датскому и королю шведскому дипломов на звание почетного члена Императорской Академии наук
$j4 января - 30 июня 1845 г.
215##$a14 л.
$d36,5х26 см
251##$cДело
300##$aНа обложке указано: "№5а"
300##$aНа обложке имеются карандашные пометы
300##$aНа русском и французском языках
371##$aДокумент не является опубликованным и широко распространяемым
461#0$10012b5b8419-5ce4-4d16-a7a3-85720a295f1f
$12001
$aКанцелярия министра народного просвещения
$1251
$cФонд
$1852
$j735
462#0$1001562cc287-b13c-4f02-8029-f81535ba1e2e
$12001
$aКанцелярия министра народного просвещения
$1251
$cОпись
$1852
$j2
801#0$aRU
$bРГИА
$c20250421
$gRCR
801#1$aRU
$bГлавНИВЦ
$c20250421
$2rusmarc
801#2$aRU
$bПБ им. Б.Н. Ельцина
$c20251022
$gRCR
$2rusmarc
850##$aРГИА
852##$aРГИА
$eФедеральное казенное учреждение "Российский государственный исторический архив" (РГИА)
$j512
937##$hРГИА
$d12421430
$aASBIBLIO_SCAN
035##$aRusGRCC00085501
856##$uhttp://readingroom.main.prlib.ru/item.aspx?id_node=n198612566&mode=full
Формат отображения